Höchste Bundesliga Siege des VfB Stuttgart - Statistiken

Allgemein
  • Dieses Quiz wurde 76 mal gespielt
  • Das Durchschnittsergebnis liegt bei 11 aus 15
Antwortstatistiken
Ergebnis Saison Mannschaft % Korrekt
7:0 90/91 Borussia Dortmund
94%
6:1 70/71 Borussia Dortmund
94%
7:0 10/11 Borussia M'Gladbach
90%
6:0 87/88 Borussia M'Gladbach
90%
6:1 77/78 FC Schalke 04
81%
6:0 10/11 Werder Bremen
79%
1:6 90/91 1.FC Köln
76%
7:0 83/84 1.FC Nürnberg
74%
0:6 83/84 1.FC Nürnberg
74%
7:0 85/86 Hannover 96
63%
2:7 84/85 Arminia Bielefeld
56%
0:7 85/86 Fortuna Düsseldorf
49%
6:0 83/84 Fortuna Düsseldorf
49%
6:1 84/85 Eintracht Braunschweig
44%
1:7 78/79 Darmstadt 98
38%
Keine übereinstimmenden Quizze gefunden
Verteilung der Resultate
Anzahl Personen mit jedem Resultat
Perzentil nach korrekt beantworteten Fragen
Ihre Resultats-Entwicklung
Sie haben dieses Quiz noch nicht gespielt